Магматизм, литология и вопросы рудоносности Сибири

التفاصيل البيبلوغرافية
مؤلف مشترك: Всесоюзное минералогическое общество Западно-Сибирское отделение
مؤلفون آخرون: Соболев В. С.
الملخص:Сборник состоит из четырех разделов. В первом разделе (магматизм) рассматриваются вопросы калий-аргонового датирования, геологического возраста, геохимии и петрографии гранитоидов и щелочных пород Сибири. Второй раздел (литология) посвящен геохимии, минералогии, литологии и перспективам кор выветривания, ради вулканизма в образовании мезо-зойско-кайнозойских отложений Западно-Сибирской плиты, зависимости физических параметров горных пород угленосных отложений Кузбасса от их минерального состава. Третий — самый большой раздел сборника (вопросы рудоносности) включает статьи по геохимии, минералогии, структурным особенностям рудных полей и месторождений железа, золота, олова, ртути и других металлов. Приводится характеристика апатитоносности интрузивных комплексов Тувы, россыпной платины Норильского района. Последний раздел (методика) знакомит читателя с методом выращивания монокристаллов фтористого лития и новым вариантом расчета содержания радиогенного аргона в методе изотопного разбавления. Сборник укомплектован из статей сотрудников СНИИГГИМС, ЦНИИОЛОВО, тематических и производственных партий геологических управлений и потому представляет большой интерес для широкого круга геологов, интересующихся вопросами магматизма, литологии, минеральными богатствами Сибири и условиями их образования.
اللغة:الروسية
منشور في: Новосибирск, Западно-Сибирское книжное издательство, 1974
سلاسل:Труды Западно-Сибирского отделения Всесоюзного минералогического общества (ЗСОВМО) Вып. 1
الموضوعات:
التنسيق: كتاب
KOHA link:https://koha.lib.tpu.ru/cgi-bin/koha/opac-detail.pl?biblionumber=367769

MARC

LEADER 00000nam0a2200000 4500
001 367769
005 20231102012021.0
035 |a (RuTPU)RU\TPU\retro\25132 
090 |a 367769 
100 |a 20220322d1974 k y0rusy50 ca 
101 0 |a rus 
102 |a RU 
105 |a af z 000zy 
200 1 |a Магматизм, литология и вопросы рудоносности Сибири  |f Всесоюзное минералогическое общество, Западно-Сибирское отделение ; гл. ред. В. С. Соболев 
210 |a Новосибирск  |c Западно-Сибирское книжное издательство  |d 1974 
215 |a 190 с.  |c ил. 
225 1 |a Труды Западно-Сибирского отделения Всесоюзного минералогического общества (ЗСОВМО)  |v Вып. 1 
316 |5 63413507: КР-7475  |a На титульном листе дарственная надпись: "Молодому ученому Леониду Петровичу Рихванову в надежде, что он найдет в этом сборнике нужные для себя ответы по ряду вопросов его собственного исследования 29/X-75" 
317 |5 63413507: КР-7475  |a Поступил в НТБ в 2021 г. в дар от семьи профессора ТПУ Л. П. Рихванова 
330 |a Сборник состоит из четырех разделов. В первом разделе (магматизм) рассматриваются вопросы калий-аргонового датирования, геологического возраста, геохимии и петрографии гранитоидов и щелочных пород Сибири. Второй раздел (литология) посвящен геохимии, минералогии, литологии и перспективам кор выветривания, ради вулканизма в образовании мезо-зойско-кайнозойских отложений Западно-Сибирской плиты, зависимости физических параметров горных пород угленосных отложений Кузбасса от их минерального состава. Третий — самый большой раздел сборника (вопросы рудоносности) включает статьи по геохимии, минералогии, структурным особенностям рудных полей и месторождений железа, золота, олова, ртути и других металлов. Приводится характеристика апатитоносности интрузивных комплексов Тувы, россыпной платины Норильского района. Последний раздел (методика) знакомит читателя с методом выращивания монокристаллов фтористого лития и новым вариантом расчета содержания радиогенного аргона в методе изотопного разбавления. Сборник укомплектован из статей сотрудников СНИИГГИМС, ЦНИИОЛОВО, тематических и производственных партий геологических управлений и потому представляет большой интерес для широкого круга геологов, интересующихся вопросами магматизма, литологии, минеральными богатствами Сибири и условиями их образования. 
606 1 |a Геология  |y Сибирь  |2 stltpush  |3 (RuTPU)RU\TPU\subj\68833  |9 83954 
610 1 |a Библиотека Л. П. Рихванова 
610 1 |a магматизм 
610 1 |a литология 
610 1 |a рудоносность 
610 1 |a гранитоиды 
610 1 |a горные породы 
610 1 |a геохимия 
610 1 |a вулканизм 
610 1 |a дары библиотеке 
610 1 |a дарственные надписи 
675 |a 55(571.1/.5)  |v 4 
702 1 |a Соболев  |b В. С.  |4 651 
712 0 2 |a Всесоюзное минералогическое общество  |b Западно-Сибирское отделение  |c (Ленинград/Санкт-Петербург)  |c (1947-1993)  |2 stltpush  |3 (RuTPU)RU\TPU\col\6861 
801 1 |a RU  |b 63413507  |c 20220322 
801 2 |a RU  |b 63413507  |c 20220712  |g RCR 
942 |c BK